| 000 | 00336nam a22001337a 4500 | ||
|---|---|---|---|
| 008 | 181207b xxu||||| |||| 00| 0 eng d | ||
| 020 | _a0435084410 | ||
| 041 | _aeng | ||
| 080 |
_22nd _a371 |
||
| 100 | _a46 | ||
| 101 | _aEDU | ||
| 245 |
_aUnderstanding writing ways of observing, learning, and teaching _cNewkirk,Th |
||
| 942 |
_2udc _cBK |
||
| 999 |
_c53048 _d53048 |
||